Котельные (Запись № 11873650)

Подробности
000 -МАРКЕР
контрольное поле 02333nam0a2200409 4500
001 - ИДЕНТИФИКАТОР ЗАПИСИ
контрольное поле RU\NLR\BIBL_A\011475968
005 - ИДЕНТИФИКАТОР ВЕРСИИ
контрольное поле 20260407132845.0
021 ## - НОМЕР ГОСУДАРСТВЕННОЙ РЕГИСТРАЦИИ
Код страны Российская Федерация
Номер 2017-55181
Номер Листа государственной регистраци 3927
029 10 - НОМЕР ДОКУМЕНТА (нормативные и технические документы. Неопубликованные документы)
Страна Российская Федерация
Номер 2-1.9-898-2014
Тип номера документа Р Газпром
035 ## - ДРУГИЕ СИСТЕМНЫЕ НОМЕРА
Идентификатор записи (RuMoRGB)008946081
035 ## - ДРУГИЕ СИСТЕМНЫЕ НОМЕРА
Идентификатор записи (NLR Aleph) 011475968
100 ## - ДАННЫЕ ОБЩЕЙ ОБРАБОТКИ
Данные общей обработки 20170922d2017 k y0rusy50 ca
101 0# - ЯЗЫК РЕСУРСА
Язык текста, звукозаписи и т.д. русский
102 ## - СТРАНА ПУБЛИКАЦИИ ИЛИ ПРОИЗВОДСТВА
Страна публикации Российская Федерация
105 ## - ПОЛЕ КОДИРОВАННЫХ ДАННЫХ: ТЕКСТОВЫЕ МАТЕРИАЛЫ, МОНОГРАФИЧЕСКИЕ
Кодированные данные о монографическом текстовом документе y l 000|y
200 9# - ЗАГЛАВИЕ И СВЕДЕНИЯ ОБ ОТВЕТСТВЕННОСТИ
Основное заглавие Котельные
Наименование части Порядок технического обслуживания и ремонта
Сведения, относящиеся к заглавию Р Газпром 2-1.9-898-2014
Первые сведения об ответственности разработаны "Оргэнергогаз" (ОАО "Оргэнергогаз")
205 ## - СВЕДЕНИЯ ОБ ИЗДАНИИ
Сведения об издании Изд. офиц.
210 ## - ПУБЛИКАЦИЯ, РАСПРОСТРАНЕНИЕ И ДР.
Место издания, распространения и т.д. Санкт-Петербург
Имя издателя, распространителя и т. д. Газпром
Дата издания, распространения и т.д. 2017
215 ## - ФИЗИЧЕСКАЯ ХАРАКТЕРИСТИКА
Специфическое обозначение материала и объем IV, 51 с.
Размеры 29
225 1# - СЕРИЯ
Основное заглавие серии Документы нормативные для проектирования, строительства и эксплуатации объектов ОАО "Газпром"
225 2# - СЕРИЯ
Основное заглавие серии Рекомендации организации
Сведения об ответственности Газпром
239 ## - ОБЛАСТЬ СПЕЦИФИЧЕСКИХ СВЕДЕНИЙ: НОРМАТИВНЫЕ И ТЕХНИЧЕСКИЕ ДОКУМЕНТЫ
Сведения Введ. 22.04.2016
320 ## - ПРИМЕЧАНИЯ О НАЛИЧИИ В ДОКУМЕНТЕ БИБЛИОГРАФИИ / УКАЗАТЕЛЯ
Текст примечания Библиогр.: с. 50 (12 назв.)
517 1# - ДРУГИЕ ВАРИАНТЫ ЗАГЛАВИЯ
Вариант заглавия Р Газпром 2-1.9-898-2014
606 ## - НАИМЕНОВАНИЕ ТЕМЫ КАК ПРЕДМЕТ
Наименование темы Энергетика -- Теплоэнергетика. Теплотехника -- Теплоснабжение -- Отопительные котельные -- Отопительно-производственные котельные -- Эксплуатация, ремонт -- Инструктивные издания
Код системы rubbk
606 ## - НАИМЕНОВАНИЕ ТЕМЫ КАК ПРЕДМЕТ
Наименование темы Котельные установки
Формальный подзаголовок Нормативные документы
Тематический подзаголовок Техническое обслуживание
Системный номер авторитетной/нормативной записи 1609138
Идентификатор авторитетной/нормативной записи RU\NLR\AUTH\66708945
606 ## - НАИМЕНОВАНИЕ ТЕМЫ КАК ПРЕДМЕТ
Наименование темы Котельные установки
Формальный подзаголовок Нормативные документы
Тематический подзаголовок Ремонт
Системный номер авторитетной/нормативной записи 1608983
Идентификатор авторитетной/нормативной записи RU\NLR\AUTH\66708857
686 ## - ИНДЕКСЫ ДРУГИХ КЛАССИФИКАЦИЙ
Индекс З384-08я82
Издание 2000
Код системы
686 1# - ИНДЕКСЫ ДРУГИХ КЛАССИФИКАЦИЙ
Индекс З370.2-5-08я8
712 02 - НАИМЕНОВАНИЕ ОРГАНИЗАЦИИ - ВТОРИЧНАЯ ОТВЕТСТВЕННОСТЬ
Код отношения Агентство по стандартам
Начальный элемент ввода "Газпром", российское акционерное общество
Идентификатор авторитетной/нормативной записи RU\NLR\AUTH\889994843
Системный номер авторитетной/нормативной записи 486484
712 02 - НАИМЕНОВАНИЕ ОРГАНИЗАЦИИ - ВТОРИЧНАЯ ОТВЕТСТВЕННОСТЬ
Код отношения Разработчик номерного издания
Начальный элемент ввода "Оргэнергогаз", акционерное общество
Идентифицирующий признак Москва
Идентификатор авторитетной/нормативной записи RU\NLR\AUTH\8810377
Системный номер авторитетной/нормативной записи 293357
942 ## - ДОПОЛНИТЕЛЬНЫЕ ЭЛЕМЕНТЫ ЗАПИСИ (АБИС)
Тип экземпляра АБИС Книга
980 ## - КОЛЛЕКЦИЯ
Название коллекции НБР

Нет доступных экземпляров.